Рисунки Сталина; Портреты-шаржи и заметки по поводу вождя народов; Родина; № 1

Bibliografiske detaljer
Parent link:Родина: исторический иллюстрированный журнал/ Российская Федерация, Президент, Администрация.— , 1989-.— 0235-7089
№ 1.— 2002.— С. 70-72
Hovedforfatter: Илизаров Б. Борис
Sprog:russisk
Udgivet: 2002
Serier:Былое
Fag:
Format: MixedMaterials Book Chapter
KOHA link:https://koha.lib.tpu.ru/cgi-bin/koha/opac-detail.pl?biblionumber=381168

MARC

LEADER 00000naa2a2200000 4500
001 381168
005 20231101062808.0
035 |a (RuTPU)RU\TPU\prd\3358 
090 |a 381168 
100 |a 20020422a2002 k y0rusy50 ca 
101 0 |a rus 
102 |a RU 
200 1 |a Рисунки Сталина  |a Портреты-шаржи и заметки по поводу вождя народов  |f Б. Илизаров 
225 1 |a Былое 
461 1 |0 (RuTPU)RU\TPU\prd\1710  |x 0235-7089  |t Родина  |o исторический иллюстрированный журнал  |f Российская Федерация, Президент, Администрация  |d 1989- 
463 1 |0 (RuTPU)RU\TPU\prd\1916  |t № 1  |v С. 70-72  |d 2002 
600 1 |a Сталин  |g Иосиф Виссарионович  |2 stltpui  |3 (RuTPU)RU\TPU\pers\1058 
600 1 |a Иловайский  |b Дмитрий Иванович 
610 1 |a шаржи 
610 1 |a сталинское окружение 
610 1 |a соратники Сталина 
700 1 |a Илизаров  |b Б.  |g Борис 
801 1 |a RU  |b 63413507  |c 20020422  |g PSBO 
801 2 |a RU  |b 63413507  |c 20140218  |g PSBO 
942 |c BK